=LDR 00000nam 2200000 4500 =001 INLIS000000000028771 =005 20130612131043 =008 ***********************************Ind** =035 ##$$0010-061300000028771 =041 ##$$a Ind =082 ##$$a 2x4.9 =090 ##$$a 2x4.9, Mal p =100 ##$$a Mahali, A. Mudjab =245 ##$$a Pembinaan moral di mata Al-Ghazali, A.udjab Mahali =260 ##$$a 1984 $b yogyakarta =300 ##$$a 323 hlm, 21 cm =650 ##$$a Fiqih =850 ##$$a NBPNMAT